000
00322nam a22001337a 4500
008
210527b ||||| |||| 00| 0 eng d
041
_a
eng
080
_a
82
082
_a
82
100
_a
21
101
_a
GJL
245
_a
It is the poem singing into your eyes anthology of new young poets
_c
Adoff,A
942
_2
udc
_c
BK
999
_c
57756
_d
57756